000 00370nam a2200157Ia 4500
008 230917s9999||||xx |||||||||||||| ||und||
020 _cRS7500
040 _e85924
_aMAIN
041 _aEnglish
082 _a891.441 T129C
100 _aTagore, Rabindranath
245 4 _aThe cycle of spring
260 _aLondon
_bMacmillan
_c1917
300 _a134 p.
942 _cBK
999 _c203406
_d203406